000 00300pab a2200121 454500
008 180718b xxu||||| |||| 00| 0 eng d
100 _aBharat, Bhushan
245 _aBeyond wages & Conditions
650 _a Economic Policy
650 _aEconomic Development
773 _aIndian Express
909 _a21688
999 _c21688
_d21688